| 000 | 00771nam a2200229 i 4500 | ||
|---|---|---|---|
| 001 | 24650 | ||
| 003 | ES-MaACL | ||
| 005 | 20230906153105.0 | ||
| 007 | t| | ||
| 008 | 021218s1980 sp ||||1| spa d | ||
| 080 | _a811.134.2"16/17"(082.2) | ||
| 245 | 0 | 0 |
_aAntología de la literatura española _b: de mediados del siglo XVII a mediados del XVIII / _cselección y notas de Germán Bleiberg. |
| 260 |
_aMadrid : _bAlianza, _c[1980] |
||
| 300 |
_a434 p. ; _c20 cm. |
||
| 490 | 1 |
_aAlianza universidad ; _v281 |
|
| 650 | 0 | 4 |
_aLiteratura española- _yS.XVI-XVII. _9152334 |
| 650 | 0 | 4 |
_aLiteratura española- _yS.XVIII. _914573 |
| 700 | 1 |
_aBleiberg, Germán. _929469 |
|
| 830 | 0 |
_aAlianza universidad ; _v281 _9177276 |
|
| 852 |
_aES-MaACL _jL-2109 |
||
| 999 |
_c24650 _d24650 |
||